MARC

LEADER 00000nam0a2200000 4500
001 26704
005 20231030201740.0
010 |a 5703816955 
035 |a (RuTPU)RU\TPU\book\26948 
035 |a BOOK00027023 
090 |a 26704 
100 |a 20011209d2000 m y0rusy50 ca 
101 0 |a rus 
102 |a RU 
105 |a y j 000zy 
200 1 |a Курс теоретической механики  |e учебник для вузов  |f под ред. К. С. Колесникова 
210 |a Москва  |c Изд-во МГТУ  |d 2000 
215 |a 736 с. 
225 1 |a Механика в техническом университете  |v Т. 1 
451 1 |0 (RuTPU)RU\TPU\book\87523  |y 5-7038-1695-5  |t Курс теоретической механики  |o учебник  |f под ред. К. С. Колесникова  |e 3-е изд., стер.  |c М.  |n Изд-во МГТУ  |d 2005  |p 736 с.  |s Механика в техническом университете 
451 |y 5-7038-1371-9 
610 1 |a физика 
610 1 |a удар 
610 1 |a теоретическая механика 
610 1 |a кинематика 
610 1 |a статика 
610 1 |a динамика 
610 1 |a законы Келлера 
610 1 |a Даламбера принцип 
610 1 |a теория 
610 1 |a задачи 
610 1 |a учебники 
675 |a 531(075.8)  |v 3 
702 1 |a Колесников  |b К. С.  |4 340 
801 0 |a RU  |b 63413507  |c 20011209  |g PSBO 
801 2 |a RU  |b 63413507  |c 20160217  |g PSBO 
900 |a Теоретическая механика 
942 |c BK 
952 |a 550000